Statistics for Countries Who Have Hosted The Summer Olympics And Won The Football World Cup

Click here to take the quiz!

General Stats

  • This quiz has been taken 113 times
    (109 since last reset)
  • The average score is 5 of 6

Answer Stats

Answer% Correct
Brazil
94%
France
91%
Germany
90%
Italy
89%
England
81%
Spain
78%

Score Distribution

Percentile by Number Answered

Percent of People with Each Score

Your Score History

You have not taken this quiz since the last reset